| 000 | 01782nam a2200241Ia 4500 | ||
|---|---|---|---|
| 008 | 260220t1970||||xx |||||||||||||| ||spa|| | ||
| 040 |
_aPY-SlUNAC _bspa _erda |
||
| 041 | _aspa | ||
| 082 |
_a530 _bAr67e |
||
| 100 |
_aArons, Arnold B. _eAutor |
||
| 245 | 0 |
_aEvolución de los conceptos de la física / _cpor Arnold B. Arons [Autor] |
|
| 264 |
_aCiudad de México : _bTrillas, _c℗1970. |
||
| 300 | _a1 volumen | ||
| 520 | _aEn "Evolución de los conceptos de la física", Arnold B. Arons ofrece un análisis exhaustivo del desarrollo histórico y conceptual de la física, destacando cómo las ideas fundamentales han evolucionado a lo largo del tiempo. El autor explora las transformaciones que han tenido lugar desde la antigüedad hasta el siglo XX, abordando las contribuciones de figuras clave como Galileo, Newton y Einstein, y cómo sus teorías han influido en nuestra comprensión del universo. Arons enfatiza la importancia del contexto social y cultural en el que se desarrollaron estas ideas, ilustrando cómo los avances científicos no son solo logros individuales, sino también productos de un proceso colectivo. Además, el libro examina la relación entre la física y otras disciplinas, así como la forma en que la educación científica puede impactar en la percepción pública de la ciencia. A través de su enfoque histórico y filosófico, Arons proporciona una visión integral que invita a reflexionar sobre el papel de la física en la construcción del conocimiento humano. | ||
| 653 | _aFísica | ||
| 653 | _aHistoria de la ciencia | ||
| 653 | _aTeoría de la relatividad | ||
| 942 |
_b2026/02/17 _cBK |
||
| 999 |
_c7714 _d7714 |
||